| 000 | 00715nam a2200205 a 4500 | ||
|---|---|---|---|
| 001 | 000255283 | ||
| 003 | AM-YeHGA | ||
| 005 | 20250618071720.0 | ||
| 008 | 030820s1951 aj a||||r|||||||||1|arm|d | ||
| 040 | _aAM-YeHGA | ||
| 041 | 0 | _aarm | |
| 100 | 1 |
_aԱյվազյան, Սուրեն Բախշիի, _d1915-1981 _988 |
|
| 245 | 1 | 0 |
_aԽորաձորցիք : _b[Վեպ] / _cՍ. Այվազյան ; Խմբ.՝ Հ. Ամիրխանյան. |
| 260 |
_aԲաքու : _bԱզերնեշր, _c1951. |
||
| 300 |
_a246 էջ : _bդիմանկ. ; _c20 սմ. |
||
| 650 | 1 | 4 |
_aՀայ գրականություն _xՎեպ |
| 700 | 1 |
_aԱմիրխանյան, Համո Ազիզի, _d1906-1986 _eխմբ. _4edt _92136 |
|
| 942 |
_2udc _cBK |
||
| 090 | _c93226 | ||
| 999 |
_c91927 _d91927 |
||